000 00995cab a2200337 4500
001 Z2938
008 090401t1993 xxu||||| |||| 00| 0 eng d
035 _a(Sirsi) u50043
041 _aeng
245 _aFocus `93: West Yorkshire
260 _c1993
350 _a0
490 _aEstates Gazette
_v(9307) 20 February 1993, 47-73(16)
650 _aBRADFORD
650 _aCOMMUNICATIONS
650 _aEMPLOYMENT
650 _aFINANCIAL SECTOR
650 _aINDUSTRIAL MARKET
650 _aInfrastructure
_96246
650 _aINVESTMENT MARKET
650 _aLEEDS DEVELOPMENT CORPORATION
650 _aLEEDS
650 _aPROPERTY-COMMERCIAL PROPERTY-OFFICE PROPERTY-OFFICE PROPERTY MARKET
650 _aPROFESSIONAL SERVICES
650 _aPROPERTY-COMMERCIAL PROPERTY-RETAIL PROPERTY-RETAIL PROPERTY MARKET
650 _aWAKEFIELD
650 _aWEST YORKSHIRE
690 _aPROPERTY-COMMERCIAL PROPERTY-COMMERCIAL PROPERTY MARKET
942 _n0
948 _c04/03/1997
999 _c31283
_d31283